[Event "DVM U20 2020"]
[Site "Willingen GER"]
[Date "2021.06.24"]
[Round "1"]
[White "Prieb, Robert"]
[Black "Schröder, Lennart"]
[Result "1/2-1/2"]
[Termination "normal"]
[Board "5.4"]
[WhiteTitle "CM"]
[WhiteElo "2040"]
[BlackElo "1906"]
[WhiteClock "01:31:18"]
[BlackClock "01:30:54"]
[WhiteTeam "Schachgesellschaft Bochum 1931"]
[BlackTeam "Schachklub Münster 32 e. V."]
[PlyCount "52"]
[WhiteFideId "16212002"]
[BlackFideId "16222490"]
[EventCountry "GER"]
[EventRounds "7"]
[EventType "team-swiss"]
[EventDate "2021.06.23"]

1. d4 {[%clk 01:30:57]} Nf6 {[%clk 01:30:54]} 2. c4 {[%clk 01:31:18]} g6 {[%clk
01:30:54]} 3. Nc3 {[%clk 01:31:18]} d5 {[%clk 01:30:54]} 4. Nf3 {[%clk
01:31:18]} Bg7 {[%clk 01:30:54]} 5. Bg5 {[%clk 01:31:18]} Ne4 {[%clk 01:30:54]}
6. Bh4 {[%clk 01:31:18]} Nxc3 {[%clk 01:30:54]} 7. bxc3 {[%clk 01:31:18]} dxc4
{[%clk 01:30:54]} 8. Qa4+ {[%clk 01:31:18]} Qd7 {[%clk 01:30:54]} 9. Qxc4
{[%clk 01:31:18]} b6 {[%clk 01:30:54]} 10. e3 {[%clk 01:31:18]} Ba6 {[%clk
01:30:54]} 11. Qb3 {[%clk 01:31:18]} Bxf1 {[%clk 01:30:54]} 12. Kxf1 {[%clk
01:31:18]} O-O {[%clk 01:30:54]} 13. Ke2 {[%clk 01:31:18]} c5 {[%clk 01:30:54]}
14. Rhd1 {[%clk 01:31:18]} Nc6 {[%clk 01:30:54]} 15. dxc5 {[%clk 01:31:18]} Qf5
{[%clk 01:30:54]} 16. cxb6 {[%clk 01:31:18]} axb6 {[%clk 01:30:54]} 17. Kf1
{[%clk 01:31:18]} Qc5 {[%clk 01:30:54]} 18. Rab1 {[%clk 01:31:18]} e6 {[%clk
01:30:54]} 19. Bg3 {[%clk 01:31:18]} Rfc8 {[%clk 01:30:54]} 20. Qxb6 {[%clk
01:31:18]} Qc4+ {[%clk 01:30:54]} 21. Kg1 {[%clk 01:31:18]} Qxa2 {[%clk
01:30:54]} 22. h4 {[%clk 01:31:18]} Bxc3 {[%clk 01:30:54]} 23. Rdc1 {[%clk
01:31:18]} Bf6 {[%clk 01:30:54]} 24. Qb3 {[%clk 01:31:18]} Qxb3 {[%clk
01:30:54]} 25. Rxb3 {[%clk 01:31:18]} Ne7 {[%clk 01:30:54]} 26. Rxc8+ {[%clk
01:31:18]} Rxc8 {[%clk 01:30:54]} 1/2-1/2

[Event "DVM U20 2020"]
[Site "Willingen GER"]
[Date "2021.06.24"]
[Round "1"]
[White "Kamp, Aaron"]
[Black "Klugstedt, Vincent"]
[Result "1-0"]
[Termination "normal"]
[Board "5.5"]
[WhiteElo "1771"]
[BlackElo "1928"]
[WhiteClock "01:30:57"]
[BlackClock "01:30:51"]
[WhiteTeam "Schachklub Münster 32 e. V."]
[BlackTeam "Schachgesellschaft Bochum 1931"]
[PlyCount "47"]
[WhiteFideId "16231120"]
[BlackFideId "16216393"]
[EventCountry "GER"]
[EventRounds "7"]
[EventType "team-swiss"]
[EventDate "2021.06.23"]

1. e4 {[%clk 01:30:57]} c5 {[%clk 01:30:51]} 2. d4 {[%clk 01:30:57]} cxd4
{[%clk 01:30:51]} 3. c3 {[%clk 01:30:57]} dxc3 {[%clk 01:30:51]} 4. Nxc3 {[%clk
01:30:57]} Nc6 {[%clk 01:30:51]} 5. Bc4 {[%clk 01:30:57]} Nf6 {[%clk 01:30:51]}
6. Nf3 {[%clk 01:30:57]} d6 {[%clk 01:30:51]} 7. O-O {[%clk 01:30:57]} Bg4
{[%clk 01:30:51]} 8. Qb3 {[%clk 01:30:57]} Qc8 {[%clk 01:30:51]} 9. Bxf7+
{[%clk 01:30:57]} Kd8 {[%clk 01:30:51]} 10. Ng5 {[%clk 01:30:57]} Nd4 {[%clk
01:30:51]} 11. Qa4 {[%clk 01:30:57]} e5 {[%clk 01:30:51]} 12. Be3 {[%clk
01:30:57]} h6 {[%clk 01:30:51]} 13. Nh3 {[%clk 01:30:57]} Bxh3 {[%clk
01:30:51]} 14. gxh3 {[%clk 01:30:57]} Qxh3 {[%clk 01:30:51]} 15. Bxd4 {[%clk
01:30:57]} Ke7 {[%clk 01:30:51]} 16. Qb3 {[%clk 01:30:57]} Qg4+ {[%clk
01:30:51]} 17. Kh1 {[%clk 01:30:57]} exd4 {[%clk 01:30:51]} 18. Qxb7+ {[%clk
01:30:57]} Nd7 {[%clk 01:30:51]} 19. f3 {[%clk 01:30:57]} Qh3 {[%clk 01:30:51]}
20. Nd5+ {[%clk 01:30:57]} Kxf7 {[%clk 01:30:51]} 21. Nf4 {[%clk 01:30:57]} Qh4
{[%clk 01:30:51]} 22. Qd5+ {[%clk 01:30:57]} Kf6 {[%clk 01:30:51]} 23. Qe6+
{[%clk 01:30:57]} Kg5 {[%clk 01:30:51]} 24. Qf5# {[%clk 01:30:57]} 1-0

[Event "DVM U20 2020"]
[Site "Willingen GER"]
[Date "2021.06.24"]
[Round "1"]
[White "Gluma, Christian"]
[Black "Habersetzer, Elyse"]
[Result "1-0"]
[Termination "normal"]
[Board "5.6"]
[WhiteElo "1864"]
[BlackElo "1602"]
[WhiteClock "01:30:57"]
[BlackClock "01:30:52"]
[WhiteTeam "Schachgesellschaft Bochum 1931"]
[BlackTeam "Schachklub Münster 32 e. V."]
[PlyCount "55"]
[WhiteFideId "16223209"]
[BlackFideId "16222288"]
[EventCountry "GER"]
[EventRounds "7"]
[EventType "team-swiss"]
[EventDate "2021.06.23"]

1. e4 {[%clk 01:30:57]} {[%emt 00:00:02]} e6 {[%clk 01:30:52]} 2. d4 {[%clk
01:30:57]} d5 {[%clk 01:30:52]} 3. e5 {[%clk 01:30:57]} c5 {[%clk 01:30:52]} 4.
c3 {[%clk 01:30:57]} Nc6 {[%clk 01:30:52]} 5. Nf3 {[%clk 01:30:57]} Qb6 {[%clk
01:30:52]} 6. Be2 {[%clk 01:30:57]} Nge7 {[%clk 01:30:52]} 7. dxc5 {[%clk
01:30:57]} Qxc5 {[%clk 01:30:52]} 8. Be3 {[%clk 01:30:57]} Qa5 {[%clk
01:30:52]} 9. O-O {[%clk 01:30:57]} Ng6 {[%clk 01:30:52]} 10. Bd4 {[%clk
01:30:57]} a6 {[%clk 01:30:52]} 11. Nbd2 {[%clk 01:30:57]} Qc7 {[%clk
01:30:52]} 12. Re1 {[%clk 01:30:57]} Bd7 {[%clk 01:30:52]} 13. Bd3 {[%clk
01:30:57]} Be7 {[%clk 01:30:52]} 14. Nf1 {[%clk 01:30:57]} O-O {[%clk
01:30:52]} 15. Rc1 {[%clk 01:30:57]} Rfc8 {[%clk 01:30:52]} 16. Qd2 {[%clk
01:30:57]} b5 {[%clk 01:30:52]} 17. a3 {[%clk 01:30:57]} Na5 {[%clk 01:30:52]}
18. Rcd1 {[%clk 01:30:57]} Nc4 {[%clk 01:30:52]} 19. Qc1 {[%clk 01:30:57]} a5
{[%clk 01:30:52]} 20. b4 {[%clk 01:30:57]} axb4 {[%clk 01:30:52]} 21. axb4
{[%clk 01:30:57]} Ra2 {[%clk 01:30:52]} 22. Ne3 {[%clk 01:30:57]} Ncxe5 {[%clk
01:30:52]} 23. Nxe5 {[%clk 01:30:57]} Nxe5 {[%clk 01:30:52]} 24. Bxh7+ {[%clk
01:30:57]} Kh8 {[%clk 01:30:52]} 25. Nxd5 {[%clk 01:30:57]} exd5 {[%clk
01:30:52]} 26. Bxe5 {[%clk 01:30:57]} Bd6 {[%clk 01:30:52]} 27. Bb1 {[%clk
01:30:57]} Raa8 {[%clk 01:30:52]} 28. Qh6+ {[%clk 01:30:57]} 1-0

[Event "DVM U20 2020"]
[Site "Willingen GER"]
[Date "2021.06.24"]
[Round "1"]
[White "Kracht, Raphael"]
[Black "Krastev, Alexander"]
[Result "0-1"]
[Termination "normal"]
[Board "6.1"]
[BlackTitle "FM"]
[WhiteElo "2109"]
[BlackElo "2355"]
[WhiteClock "00:33:44"]
[BlackClock "00:01:15"]
[WhiteTeam "Schachfreunde Brackel 1930 e. V."]
[BlackTeam "Biebertaler Schachfreunde"]
[WhiteFideId "16214382"]
[BlackFideId "12989983"]
[EventCountry "GER"]
[EventRounds "7"]
[EventType "team-swiss"]
[EventDate "2021.06.23"]

1. e4 e5 2. Nf3 Nc6 3. Bb5 a6 4. Bxc6 dxc6 5. O-O Qf6 6. d4 exd4 7. Bg5 Qd6 8.
Nxd4 Be7 9. Be3 Nh6 10. Qd2 c5 11. Nb3 b6 12. a4 Bb7 13. f3 O-O-O 14. Qf2 f5
15. exf5 Nxf5 16. Na3 Bh4 17. g3 Bxg3 18. hxg3 Nxe3 19. Rfe1 Nf5 20. g4 Nd4 21.
Nxd4 Qxd4 22. Qxd4 Rxd4 23. Re3 Rf8 24. Rae1 Bxf3 25. Rf1 Rdf4 26. Kh2 Bxg4 27.
Rxf4 Rxf4 28. Kg3 g5 29. Re8+ Kb7 30. Rg8 h5 31. Rxg5 Rxa4 32. Kf2 Rf4+ 33. Kg3
Rf3+ 34. Kg2 Rf5 35. Rg6 b5 36. Rh6 c4 37. Nb1 Bd1 38. Na3 Rd5 39. Kf1 Rd4 40.
Ke1 Bg4 41. c3 Rd1+ 42. Kf2 Rd2+ 43. Ke3 Rxb2 44. Kd4 Bd1 45. Kc5 Rb3 46. Nb1
Rxb1 47. Rf6 a5 0-1

[Event "DVM U20 2020"]
[Site "Willingen GER"]
[Date "2021.06.24"]
[Round "1"]
[White "Pralle, Finnegan"]
[Black "Garbuz, Vitaliy"]
[Result "0-1"]
[Termination "normal"]
[Board "6.2"]
[WhiteElo "1910"]
[BlackElo "2112"]
[WhiteClock "01:30:52"]
[BlackClock "01:30:46"]
[WhiteTeam "Biebertaler Schachfreunde"]
[BlackTeam "Schachfreunde Brackel 1930 e. V."]
[PlyCount "84"]
[WhiteFideId "12986615"]
[BlackFideId "12990710"]
[EventCountry "GER"]
[EventRounds "7"]
[EventType "team-swiss"]
[EventDate "2021.06.23"]

1. e4 {[%clk 01:30:52]} {[%emt 00:38:03]} c5 {[%clk 01:30:46]} 2. Nc3 {[%clk
01:30:52]} a6 {[%clk 01:30:46]} 3. d3 {[%clk 01:30:52]} b5 {[%clk 01:30:46]} 4.
Be3 {[%clk 01:30:52]} e6 {[%clk 01:30:46]} 5. e5 {[%clk 01:30:52]} Qc7 {[%clk
01:30:46]} 6. f4 {[%clk 01:30:52]} d6 {[%clk 01:30:46]} 7. Nf3 {[%clk
01:30:52]} Nd7 {[%clk 01:30:46]} 8. exd6 {[%clk 01:30:52]} Bxd6 {[%clk
01:30:46]} 9. g3 {[%clk 01:30:52]} Bb7 {[%clk 01:30:46]} 10. Bg2 {[%clk
01:30:52]} Ndf6 {[%clk 01:30:46]} 11. Qe2 {[%clk 01:30:52]} Ne7 {[%clk
01:30:46]} 12. Ng5 {[%clk 01:30:52]} Nf5 {[%clk 01:30:46]} 13. Nge4 {[%clk
01:30:52]} Nxe4 {[%clk 01:30:46]} 14. Nxe4 {[%clk 01:30:52]} Be7 {[%clk
01:30:46]} 15. O-O {[%clk 01:30:52]} O-O {[%clk 01:30:46]} 16. Bd2 {[%clk
01:30:52]} Nd4 {[%clk 01:30:46]} 17. Qd1 {[%clk 01:30:52]} Rad8 {[%clk
01:30:46]} 18. Rc1 {[%clk 01:30:52]} Rd7 {[%clk 01:30:46]} 19. Qe1 {[%clk
01:30:52]} f5 {[%clk 01:30:46]} 20. c3 {[%clk 01:30:52]} fxe4 {[%clk 01:30:46]}
21. cxd4 {[%clk 01:30:52]} Rxd4 {[%clk 01:30:46]} 22. Bc3 {[%clk 01:30:52]}
Rxd3 {[%clk 01:30:46]} 23. Bxe4 {[%clk 01:30:52]} Bxe4 {[%clk 01:30:46]} 24.
Qxe4 {[%clk 01:30:52]} Qd7 {[%clk 01:30:46]} 25. Rce1 {[%clk 01:30:52]} b4
{[%clk 01:30:46]} 26. Qxe6+ {[%clk 01:30:52]} Qxe6 {[%clk 01:30:46]} 27. Rxe6
{[%clk 01:30:52]} bxc3 {[%clk 01:30:46]} 28. Rxe7 {[%clk 01:30:52]} cxb2 {[%clk
01:30:46]} 29. Rb7 {[%clk 01:30:52]} c4 {[%clk 01:30:46]} 30. Rxb2 {[%clk
01:30:52]} c3 {[%clk 01:30:46]} 31. Rc2 {[%clk 01:30:52]} Rb8 {[%clk 01:30:46]}
32. Rff2 {[%clk 01:30:52]} Rb1+ {[%clk 01:30:46]} 33. Kg2 {[%clk 01:30:52]}
Rbd1 {[%clk 01:30:46]} 34. Rfe2 {[%clk 01:30:52]} Kf7 {[%clk 01:30:46]} 35. Kf2
{[%clk 01:30:52]} Rh1 {[%clk 01:30:46]} 36. Kg2 {[%clk 01:30:52]} Rhd1 {[%clk
01:30:46]} 37. Kf2 {[%clk 01:30:52]} Rh1 {[%clk 01:30:46]} 38. Kg2 {[%clk
01:30:52]} Rb1 {[%clk 01:30:46]} 39. Kf2 {[%clk 01:30:52]} Kf6 {[%clk
01:30:46]} 40. Re3 {[%clk 01:30:52]} Rd2+ {[%clk 01:30:46]} 41. Re2 {[%clk
01:30:52]} Rxc2 {[%clk 01:30:46]} 42. Rxc2 {[%clk 01:30:52]} Rb2 {[%clk
01:30:46]} 0-1

[Event "DVM U20 2020"]
[Site "Willingen GER"]
[Date "2021.06.24"]
[Round "1"]
[White "Kartsev, Nikolay"]
[Black "Reichelt, Florian"]
[Result "0-1"]
[Termination "normal"]
[Board "6.3"]
[WhiteElo "2043"]
[BlackElo "1949"]
[WhiteClock "00:24:56"]
[BlackClock "00:15:02"]
[WhiteTeam "Schachfreunde Brackel 1930 e. V."]
[BlackTeam "Biebertaler Schachfreunde"]
[WhiteFideId "12939536"]
[BlackFideId "12960276"]
[EventCountry "GER"]
[EventRounds "7"]
[EventType "team-swiss"]
[EventDate "2021.06.23"]

1. e4 c5 2. Nf3 d6 3. Bb5+ Bd7 4. a4 Nc6 5. O-O e6 6. Re1 Nge7 7. c4 Ne5 8. d3
g6 9. Nxe5 dxe5 10. b4 cxb4 11. Bb2 Bg7 12. f4 a6 13. Bxd7+ Qxd7 14. fxe5 Rd8
15. Re3 Nc6 16. Nd2 Bxe5 17. Bxe5 Nxe5 18. Nb3 Nxd3 19. Qf3 O-O 20. e5 Nb2 21.
Qf4 Qc7 22. c5 Rd3 23. Rae1 Rfd8 24. Qf6 Rxe3 25. Rxe3 Rd1+ 26. Kf2 Rd3 27. Ke2
Rxe3+ 28. Kxe3 Nxa4 29. Kf4 Nxc5 30. Nd4 b3 31. Nf3 b2 32. Kg5 Ne4+ 0-1

[Event "DVM U20 2020"]
[Site "Willingen GER"]
[Date "2021.06.24"]
[Round "1"]
[White "Limpert, Tillmann"]
[Black "Skabs, Denis"]
[Result "0-1"]
[Termination "normal"]
[Board "6.4"]
[WhiteElo "1671"]
[BlackElo "1939"]
[WhiteClock "01:30:43"]
[BlackClock "01:15:30"]
[WhiteTeam "Biebertaler Schachfreunde"]
[BlackTeam "Schachfreunde Brackel 1930 e. V."]
[PlyCount "80"]
[WhiteFideId "16213254"]
[BlackFideId "16248449"]
[EventCountry "GER"]
[EventRounds "7"]
[EventType "team-swiss"]
[EventDate "2021.06.23"]

1. e4 {[%clk 01:30:43]} e5 {[%clk 01:15:30]} 2. Nf3 {[%clk 01:30:43]} Nc6
{[%clk 01:15:30]} 3. Bc4 {[%clk 01:30:43]} Nf6 {[%clk 01:15:30]} 4. d3 {[%clk
01:30:43]} h6 {[%clk 01:15:30]} 5. c3 {[%clk 01:30:43]} d6 {[%clk 01:15:30]} 6.
Nbd2 {[%clk 01:30:43]} g6 {[%clk 01:15:30]} 7. Nf1 {[%clk 01:30:43]} Bg7 {[%clk
01:15:30]} 8. Ng3 {[%clk 01:30:43]} O-O {[%clk 01:15:30]} 9. O-O {[%clk
01:30:43]} Qe7 {[%clk 01:15:30]} 10. h3 {[%clk 01:30:43]} Be6 {[%clk 01:15:30]}
11. Bb3 {[%clk 01:30:43]} Rad8 {[%clk 01:15:30]} 12. Re1 {[%clk 01:30:43]} Nd7
{[%clk 01:15:30]} 13. Bc2 {[%clk 01:30:43]} d5 {[%clk 01:15:30]} 14. Bd2 {[%clk
01:30:43]} dxe4 {[%clk 01:15:30]} 15. dxe4 {[%clk 01:30:43]} Nb6 {[%clk
01:15:30]} 16. Qc1 {[%clk 01:30:43]} Kh7 {[%clk 01:15:30]} 17. b3 {[%clk
01:30:43]} Nd7 {[%clk 01:15:30]} 18. Nh2 {[%clk 01:30:43]} Nc5 {[%clk
01:15:30]} 19. Be3 {[%clk 01:30:43]} Nd3 {[%clk 01:15:30]} 20. Bxd3 {[%clk
01:30:43]} Rxd3 {[%clk 01:15:30]} 21. Qc2 {[%clk 01:30:43]} Rfd8 {[%clk
01:15:30]} 22. Rad1 {[%clk 01:30:43]} Qd7 {[%clk 01:15:30]} 23. Rxd3 {[%clk
01:30:43]} Qxd3 {[%clk 01:15:30]} 24. Qxd3 {[%clk 01:30:43]} Rxd3 {[%clk
01:15:30]} 25. Rc1 {[%clk 01:30:43]} a5 {[%clk 01:15:30]} 26. Kf1 {[%clk
01:30:43]} a4 {[%clk 01:15:30]} 27. Ke2 {[%clk 01:30:43]} Rd8 {[%clk 01:15:30]}
28. c4 {[%clk 01:30:43]} Nb4 {[%clk 01:15:30]} 29. a3 {[%clk 01:30:43]} Na2
{[%clk 01:15:30]} 30. b4 {[%clk 01:30:43]} Nxc1+ {[%clk 01:15:30]} 31. Bxc1
{[%clk 01:30:43]} Bxc4+ {[%clk 01:15:30]} 32. Ke1 {[%clk 01:30:43]} Bb3 {[%clk
01:15:30]} 33. Ke2 {[%clk 01:30:43]} Rd1 {[%clk 01:15:30]} 34. Bb2 {[%clk
01:30:43]} Rb1 {[%clk 01:15:30]} 35. Bc3 {[%clk 01:30:43]} Bc4+ {[%clk
01:15:30]} 36. Kd2 {[%clk 01:30:43]} Rb3 {[%clk 01:15:30]} 37. Nhf1 {[%clk
01:30:43]} Rxa3 {[%clk 01:15:30]} 38. Ne3 {[%clk 01:30:43]} Ra2+ {[%clk
01:15:30]} 39. Kc1 {[%clk 01:30:43]} Bb3 {[%clk 01:15:30]} 40. Bb2 {[%clk
01:30:43]} a3 {[%clk 01:15:30]} 0-1

[Event "DVM U20 2020"]
[Site "Willingen GER"]
[Date "2021.06.24"]
[Round "1"]
[White "Seref, Erdogan"]
[Black "Engert, Kiyan"]
[Result "1/2-1/2"]
[Termination "normal"]
[Board "6.5"]
[WhiteElo "1985"]
[BlackElo "1781"]
[WhiteClock "00:19:13"]
[BlackClock "00:20:32"]
[WhiteTeam "Schachfreunde Brackel 1930 e. V."]
[BlackTeam "Biebertaler Schachfreunde"]
[PlyCount "137"]
[WhiteFideId "16206827"]
[BlackFideId "16214870"]
[EventCountry "GER"]
[EventRounds "7"]
[EventType "team-swiss"]
[EventDate "2021.06.23"]

1. Nf3 Nf6 2. c4 c5 3. e3 e6 4. Nc3 Nc6 5. d4 d5 6. cxd5 exd5 7. Bb5 a6 8.
Bxc6+ bxc6 9. Ne5 Bb7 10. O-O Bd6 11. Bd2 O-O 12. Rc1 cxd4 13. exd4 c5 14. Bg5
cxd4 15. Qxd4 Bxe5 16. Qxe5 Re8 17. Qd4 h6 18. Bxf6 Qxf6 19. Qxf6 gxf6 20. Rcd1
Rad8 21. Rd4 Re5 22. Rfd1 Kg7 23. f3 Bc6 24. Kf2 Re6 25. b4 Red6 26. a4 R6d7
27. b5 axb5 28. axb5 Bb7 29. Ke3 Rc7 30. R1d3 1/2-1/2

[Event "DVM U20 2020"]
[Site "Willingen GER"]
[Date "2021.06.24"]
[Round "1"]
[White "Grunwald, Jonathan"]
[Black "Bartelt, Max Peter"]
[Result "0-1"]
[Termination "normal"]
[Board "6.6"]
[WhiteElo "1798"]
[BlackElo "1823"]
[WhiteClock "00:19:13"]
[BlackClock "00:20:32"]
[WhiteTeam "Biebertaler Schachfreunde"]
[BlackTeam "Schachfreunde Brackel 1930 e. V."]
[PlyCount "137"]
[WhiteFideId "12955744"]
[BlackFideId "12967289"]
[EventCountry "GER"]
[EventRounds "7"]
[EventType "team-swiss"]
[EventDate "2021.06.23"]

1. e4 e6 2. d3 d5 3. Nd2 Nf6 4. Ngf3 c5 5. g3 Nc6 6. Bg2 Be7 7. O-O O-O 8. Re1
b5 9. e5 Nd7 10. h4 f6 11. exf6 Nxf6 12. Nf1 Bd6 13. Ng5 Re8 14. Nh2 h6 15. Nh3
e5 16. c3 Be6 17. g4 Qd7 18. f3 c4 19. Nf2 Bc5 20. g5 hxg5 21. Bxg5 Nh5 22.
Nhg4 Bf5 23. dxc4 bxc4 24. Qd2 Bd3 25. Bh6 Re6 26. Bg5 Rf8 27. b4 Bb6 28. a4 d4
29. Kh2 dxc3 30. Qxc3 Bd4 31. Qd2 Bxa1 32. Rxa1 Nd4 33. Qe3 Nc2 0-1

[Event "DVM U20 2020"]
[Site "Willingen GER"]
[Date "2021.06.24"]
[Round "1"]
[White "Burian, Simon"]
[Black "Weller, Uli"]
[Result "1/2-1/2"]
[Termination "normal"]
[Board "7.1"]
[WhiteElo "2106"]
[BlackElo "2144"]
[WhiteClock "00:23:55"]
[BlackClock "00:04:36"]
[WhiteTeam "Schachklub König Plauen"]
[BlackTeam "Schachfreunde Augsburg"]
[PlyCount "51"]
[WhiteFideId "12956902"]
[BlackFideId "12971782"]
[EventCountry "GER"]
[EventRounds "7"]
[EventType "team-swiss"]
[EventDate "2021.06.23"]

1. e4 {[%clk 01:30:56]} {[%emt 00:00:03]} c5 {[%clk 01:30:52]} {[%emt
00:00:08]} 2. Nf3 {[%clk 01:31:15]} {[%emt 00:00:12]} Nc6 {[%clk 01:31:13]}
{[%emt 00:00:08]} 3. Bb5 {[%clk 01:31:36]} {[%emt 00:00:08]} g6 {[%clk
01:30:13]} {[%emt 00:01:30]} 4. c3 {[%clk 01:31:54]} {[%emt 00:00:13]} Bg7
{[%clk 01:24:37]} {[%emt 00:08:17]} 5. d4 {[%clk 01:32:18]} cxd4 6. cxd4 {[%clk
01:32:41]} Qb6 {[%clk 01:23:28]} {[%emt 00:00:22]} 7. Nc3 {[%clk 01:33:01]}
{[%emt 00:06:56]} e6 {[%clk 00:52:04]} {[%emt 00:24:54]} 8. e5 {[%clk
01:27:03]} {[%emt 00:06:29]} d5 {[%clk 00:51:58]} {[%emt 00:00:35]} 9. exd6
{[%clk 01:26:14]} {[%emt 00:01:19]} Nf6 {[%clk 00:48:02]} {[%emt 00:04:26]} 10.
O-O {[%clk 01:20:16]} {[%emt 00:06:29]} O-O {[%clk 00:46:44]} {[%emt 00:01:47]}
11. Bxc6 {[%clk 01:13:06]} {[%emt 00:07:40]} Qxc6 {[%clk 00:45:27]} {[%emt
00:01:46]} 12. Bf4 {[%clk 01:11:26]} {[%emt 00:02:11]} Nh5 {[%clk 00:35:09]}
{[%emt 00:10:47]} 13. Be5 {[%clk 01:10:35]} {[%emt 00:01:22]} f6 {[%clk
00:33:42]} {[%emt 00:01:57]} 14. d5 {[%clk 01:10:01]} {[%emt 00:01:05]} Qa6
{[%clk 00:33:11]} {[%emt 00:00:59]} 15. dxe6 {[%clk 01:03:44]} {[%emt
00:06:48]} Bxe6 {[%clk 00:32:21]} {[%emt 00:01:20]} 16. Nd5 {[%clk 00:46:24]}
{[%emt 00:17:50]} fxe5 {[%clk 00:29:26]} {[%emt 00:03:25]} 17. Nc7 {[%clk
00:46:37]} {[%emt 00:00:17]} Qc4 {[%clk 00:29:17]} {[%emt 00:00:38]} 18. Ng5
{[%clk 00:43:38]} {[%emt 00:03:30]} Bg4 {[%clk 00:21:44]} {[%emt 00:08:02]} 19.
f3 {[%clk 00:43:43]} {[%emt 00:00:26]} Bd7 {[%clk 00:17:37]} {[%emt 00:04:36]}
20. Rc1 {[%clk 00:42:14]} {[%emt 00:02:00]} Qf4 {[%clk 00:14:28]} {[%emt
00:03:39]} 21. Qb3+ {[%clk 00:37:25]} {[%emt 00:05:19]} Kh8 {[%clk 00:14:56]}
{[%emt 00:00:02]} 22. Nge6 {[%clk 00:33:44]} {[%emt 00:04:11]} Qf7 {[%clk
00:06:34]} {[%emt 00:08:52]} 23. Nxf8 {[%clk 00:33:57]} {[%emt 00:00:17]} Rxf8
{[%clk 00:06:53]} {[%emt 00:00:10]} 24. Qxb7 {[%clk 00:31:09]} {[%emt
00:03:18]} e4 {[%clk 00:06:26]} {[%emt 00:00:57]} 25. Qxe4 {[%clk 00:30:25]}
{[%emt 00:01:14]} Qxa2 {[%clk 00:04:36]} {[%emt 00:02:20]} 26. Rf2 {[%clk
00:23:55]} {[%emt 00:07:04]} 1/2-1/2

[Event "DVM U20 2020"]
[Site "Willingen GER"]
[Date "2021.06.24"]
[Round "1"]
[White "Wachtel, Arthur"]
[Black "Linnert, Niklas"]
[Result "1-0"]
[Termination "normal"]
[Board "7.2"]
[WhiteElo "1940"]
[BlackElo "2043"]
[WhiteClock "01:16:24"]
[BlackClock "00:40:21"]
[WhiteTeam "Schachfreunde Augsburg"]
[BlackTeam "Schachklub König Plauen"]
[PlyCount "45"]
[WhiteFideId "12988510"]
[BlackFideId "12974781"]
[EventCountry "GER"]
[EventRounds "7"]
[EventType "team-swiss"]
[EventDate "2021.06.23"]

1. e4 {[%clk 01:30:56]} {[%emt 00:00:03]} c5 {[%clk 01:30:56]} {[%emt
00:00:05]} 2. Nf3 {[%clk 01:31:21]} {[%emt 00:00:06]} Nc6 {[%clk 01:30:14]}
{[%emt 00:01:11]} 3. Bb5 {[%clk 01:31:35]} {[%emt 00:00:15]} g6 {[%clk
01:30:15]} {[%emt 00:00:30]} 4. O-O {[%clk 01:31:57]} {[%emt 00:00:08]} Bg7
{[%clk 01:30:09]} {[%emt 00:00:37]} 5. c3 {[%clk 01:32:21]} {[%emt 00:00:05]}
e5 {[%clk 01:28:46]} {[%emt 00:01:54]} 6. d4 {[%clk 01:32:33]} {[%emt
00:00:17]} cxd4 {[%clk 01:28:33]} {[%emt 00:00:45]} 7. cxd4 {[%clk 01:32:57]}
{[%emt 00:00:04]} Nxd4 {[%clk 01:24:41]} {[%emt 00:04:39]} 8. Nxd4 exd4 {[%clk
01:25:04]} 9. f4 {[%clk 01:33:22]} Qb6 {[%clk 01:24:11]} {[%emt 00:03:57]} 10.
Na3 {[%clk 01:33:36]} Ne7 {[%clk 01:23:23]} 11. Nc4 {[%clk 01:31:38]} Qc7
{[%clk 01:09:30]} {[%emt 00:12:42]} 12. f5 {[%clk 01:31:24]} {[%emt 00:00:44]}
Be5 {[%clk 01:08:51]} {[%emt 00:01:09]} 13. Nxe5 {[%clk 01:26:19]} {[%emt
00:05:34]} Qxe5 {[%clk 01:09:20]} {[%emt 00:00:02]} 14. Bc4 {[%clk 01:25:52]}
{[%emt 00:00:56]} d5 {[%clk 00:57:49]} {[%emt 00:12:02]} 15. Bb5+ {[%clk
01:20:11]} {[%emt 00:06:11]} Bd7 {[%clk 00:57:46]} {[%emt 00:00:33]} 16. Qa4
{[%clk 01:19:17]} {[%emt 00:01:24]} Bc6 {[%clk 00:50:51]} {[%emt 00:07:25]} 17.
Bf4 {[%clk 01:17:39]} {[%emt 00:02:07]} Qf6 {[%clk 00:48:13]} {[%emt 00:03:09]}
18. exd5 {[%clk 01:16:43]} {[%emt 00:01:26]} Nxd5 {[%clk 00:46:12]} {[%emt
00:02:31]} 19. Rae1+ {[%clk 01:16:42]} {[%emt 00:00:31]} Ne3 {[%clk 00:45:16]}
{[%emt 00:01:26]} 20. Bxe3 {[%clk 01:16:39]} {[%emt 00:00:33]} dxe3 {[%clk
00:45:35]} {[%emt 00:00:11]} 21. Rxe3+ {[%clk 01:17:02]} {[%emt 00:00:07]} Kd8
{[%clk 00:41:14]} {[%emt 00:04:51]} 22. fxg6 {[%clk 01:16:10]} {[%emt
00:01:22]} Qxg6 {[%clk 00:40:21]} {[%emt 00:01:23]} 23. Qd4+ {[%clk 01:16:24]}
{[%emt 00:00:15]} 1-0